000 00996nam a2200277 i 4500
001 bg
245 0 _aInternational Congress of Engineering Deans and Industry Leaders :
_bMonash University Clayton, Melbourne, Australia 3-6 July : congress proceedings 1995 /
_ced. by Zenon J. Pudlowski, Peter LeP Darvall.
260 _aMelbourne :
_bUSICEE,
_c1995.
300 _a683 s. :
_bfot., rys. ;
_c24 cm.
490 1 _aMonash Engineering Education Series
504 _aBibliogr. przy ref.
650 9 _aKształcenie politechniczne
650 9 _aTechnika
_xnauczanie
650 9 _aTechnika
_xszkolnictwo wyższe
_xnauczanie
655 _aMateriały konferencyjne
700 1 _aPUDLOWSKI, Zenon J.
_eRed.
700 1 _aDARVALL, Peter LeP.
_eRed.
830 _aMonash Engineering Education Series
020 _a0732606039
040 _cBPK
041 0 _aen
080 _a37.031.4:378.662:372.8](061.3)
920 _a0-7326-0603-9
942 _cKS
008 s pl f |000 0 pol
999 _c30901
_d30901
856 _uhttp://koha.tu.koszalin.pl/cgi-bin/koha/opac-detail.pl?biblionumber=30901
_yKatalog online BPK